00500nam a22001697a 4500003000400000008004100004082001700045100001800062245013800080260003900218300001000257502001900267650001300286650000900299650001100308650001100319OSt260505b |||||||| |||| 00| 0 eng d a633.18bK98E aKumar, Manoj. aEffect of Transplanting Time and Ni trogen Level on Performance of Low Land Rza sativa L.) Under Delayed Condition / cby Manoj Kumar a.- Pusa, Samastipurb: RAUc, 2005 a129p. bAgronomyd2005 aAgronomy aRice aThesis aPh. D.